000
00314nam a2200121Ia 4500
008
241015s9999 xx 000 0 und d
041
_a
eng
082
_a
282.092 TEJ
100
_a
Tejpal, Tarun J
245
_a
The Line of Mercy: A Novel
260
_b
Harper Collins India
_a
Haryana
_c
2022
300
_a
757;. P. 22 cm
999
_c
41917
_d
41917